[Event "AUTO-OPEN-858"]
[Site "http://www.queenalice.com/game.php?id=283226"]
[Date "2007.10.8"]
[Round "1"]
[White "Sinhuhe"]
[Black "silverado"]
[Result "0-1"]
[WhiteElo "1394"]
[BlackElo "1697"]

1. b3 Nf6 2. Bb2 d5 3. Nf3 Nc6 4. d4 e6 5. Nc3 a6 6. Ne5 Qd6 7. f4 Bd7 8. Nxd7
Kxd7 9. Qd2 g6 10. O-O-O Ng4 11. e4 Bh6 12. Be2 Nf2 13. Nxd5 exd5 14. e5 Qe6 15.
g4 Nxh1 16. Rxh1 f5 17. g5 Bg7 18. Rf1 h6 19. h4 hxg5 20. Qe1 gxh4 21. c3 b5 22.
Rg1 Rh6 23. a4 b4 24. cxb4 h3 25. b5 axb5 26. axb5 Na5 27. Bd1 Bf8 28. b4 Nc4
29. b6 Qxb6 30. e6+ Kd6 31. Bb3 Nxb2 32. Qe5+ Ke7 33. Kxb2 c6 34. Bxd5 cxd5 35.
Qxd5 Qxb4+ 36. Kc2 Rc8+ 37. Kd3 Rc3+ 38. Ke2 Qb2+ 39. Kd1 Rc1# 0-1

[Event "AUTO-OPEN-858"]
[Site "http://www.queenalice.com/game.php?id=283245"]
[Date "2007.10.8"]
[Round "1"]
[White "Sinhuhe"]
[Black "trono"]
[Result "0-1"]
[WhiteElo "1455"]
[BlackElo "1731"]

1. d4 c6 2. g3 b5 3. Bg2 Nf6 4. Nc3 d5 5. Nf3 e6 6. b4 Bxb4 7. a3 Bxc3+ 8. Bd2
Bxa1 9. Qxa1 O-O 10. Ne5 Nbd7 11. Nxc6 Qe8 12. O-O Bb7 13. Ne5 Nxe5 14. dxe5 Nd7
15. f4 Rb8 16. Bb4 Rc8 17. f5 exf5 18. Rxf5 Nc5 19. Bxd5 Bxd5 20. Bc3 Ne4 21. e6
Bxe6 22. Bb4 Bxf5 23. e3 Rxc2 24. Qf1 Bg6 25. g4 Qe5 26. Qh3 Ng5 27. Qf1 Qxh2#
0-1

[Event "AUTO-OPEN-858"]
[Site "http://www.queenalice.com/game.php?id=283246"]
[Date "2007.10.8"]
[Round "1"]
[White "trono"]
[Black "Sinhuhe"]
[Result "1-0"]
[WhiteElo "1621"]
[BlackElo "1443"]

1. e4 e5 2. Nf3 d6 3. Nc3 Nf6 4. d3 Nc6 5. Bd2 Nd4 6. Nxd4 exd4 7. Ne2 c5 8. f3
g6 9. Bg5 d5 10. e5 Be7 11. Bxf6 O-O 12. Qd2 c4 13. Qh6 Bxf6 14. exf6 Qxf6 15.
O-O-O cxd3 16. Rxd3 Re8 17. Nxd4 Re1+ 18. Rd1 Rxd1+ 19. Kxd1 Qxd4+ 20. Bd3 Qxb2
21. Kd2 d4 22. Re1 Qc3+ 23. Ke2 Bf5 24. Bxf5 Re8+ 25. Be4 Qxc2+ 26. Kf1 Qc4+ 27.
Kg1 d3 28. Qd2 f5 29. Bxb7 Qc5+ 30. Kh1 Rxe1+ 31. Qxe1 Qc2 32. Bd5+ Kg7 33. Qe7+
Kh6 34. Qf8+ Kh5 35. g4+ fxg4 36. fxg4+ Kxg4 37. Be6+ Kg5 38. h4+ Kh5 39. Qf3+
Kxh4 40. Qg4# 1-0

[Event "AUTO-INT-643"]
[Site "http://www.queenalice.com/game.php?id=283545"]
[Date "2007.10.9"]
[Round "1"]
[White "Sinhuhe"]
[Black "Dinho"]
[Result "0-1"]
[WhiteElo "1402"]
[BlackElo "1626"]

1. e4 e5 2. Bc4 Nf6 3. Nf3 Nxe4 4. Nxe5 d5 5. Qf3 f6 6. Nf7 Kxf7 7. Qxe4 Be6 8.
Qd4 Nc6 9. Qh4 dxc4 10. O-O Nd4 11. Nc3 Be7 12. b3 f5 13. Qf4 Nxc2 14. Ne4 g6
15. Ng5+ Bxg5 16. Qe5 Bf6 17. Qb5 Bxa1 18. bxc4 Nd4 19. Bb2 Ne2+ 20. Kh1 Bxb2
21. Qxb2 Bxc4 22. Re1 Qg5 23. g3 Bd5+ 24. f3 Bxf3# 0-1

[Event "AUTO-INT-643"]
[Site "http://www.queenalice.com/game.php?id=283546"]
[Date "2007.10.9"]
[Round "1"]
[White "Dinho"]
[Black "Sinhuhe"]
[Result "1-0"]
[WhiteElo "1650"]
[BlackElo "1412"]

1. e4 b6 2. d4 Bb7 3. Bd3 e6 4. Nf3 d5 5. Nc3 Nf6 6. Bg5 h6 7. Bxf6 Qxf6 8. Qe2
Bb4 9. O-O-O Nc6 10. Bb5 O-O-O 11. Qe3 dxe4 12. Nxe4 Qe7 13. a3 Bd6 14. Qc3 Bf4+
15. Kb1 e5 16. Rhe1 f5 17. Bxc6 exd4 18. Nxd4 fxe4 19. Bxb7+ Kxb7 20. Nc6 Rxd1+
21. Rxd1 Qe6 22. Rd8 e3 23. Rxh8 exf2 24. Nd8+ Kc8 25. Nxe6+ Kd7 26. Qd4+ Kxe6
27. Qxf2 Bxh2 28. Re8+ Kd7 29. Qf7+ Kd6 30. Qe6+ Kc5 31. b4+ Kb5 32. Qd5+ c5 33.
Qd3+ c4 34. Qd5+ Ka6 35. a4 Bc7 36. Re7 Bb8 37. Qb7# 1-0

[Event "AUTO-INT-643"]
[Site "http://www.queenalice.com/game.php?id=283547"]
[Date "2007.10.9"]
[Round "1"]
[White "Sinhuhe"]
[Black "zemaria"]
[Result "0-1"]
[WhiteElo "1384"]
[BlackElo "1647"]

1. d4 d5 2. g3 Bf5 3. Na3 e6 4. Bh3 Be4 5. f3 Bg6 6. f4 Be4 7. Nf3 Bxa3 8. bxa3
Qd6 9. O-O Qa6 10. Rb1 b6 11. Ne5 Qa4 12. Rb2 Qxa3 13. e3 Ne7 14. Nxf7 Kxf7 15.
Rb3 Qxa2 16. Ra3 Qxc2 17. Qg4 Bf5 18. Qh5+ Bg6 19. Qg5 h6 20. Bxe6+ Kf8 21. Qg4
Qe4 22. Rc3 c6 23. Ba3 Ke8 24. h4 Ng8 25. f5 Qxg4 26. fxg6 Qxe6 27. Rf8+ Kd7 28.
Rc1 Qxe3+ 29. Kh1 Qxa3 30. Rcf1 Qxf8 31. Rxf8 Kc7 32. h5 Kb7 33. g4 Nd7 34. Rf2
Rf8 35. Rg2 Ngf6 36. Kh2 Ne4 37. Re2 Rf2+ 38. Rxf2 Nxf2 39. Kg3 Rf8 40. Kh4 Rf3
41. g5 Rh3# 0-1

[Event "AUTO-INT-643"]
[Site "http://www.queenalice.com/game.php?id=283548"]
[Date "2007.10.9"]
[Round "1"]
[White "zemaria"]
[Black "Sinhuhe"]
[Result "1-0"]
[WhiteElo "1660"]
[BlackElo "1393"]

1. d4 d5 2. Nc3 g6 3. e4 dxe4 4. Nxe4 Nc6 5. d5 Ne5 6. h3 Bf5 7. Nc3 Nf6 8. Be3
Bg7 9. Bd4 Nfd7 10. f4 c5 11. Bxe5 Nxe5 12. fxe5 Bxe5 13. Bd3 Bg3+ 14. Ke2 c4
15. Bxf5 Qb6 16. Ne4 Bf4 17. Kf1 gxf5 18. Nf2 Bg3 19. Qf3 Qxb2 20. Re1 O-O-O 21.
Qxg3 Rxd5 22. Ne2 Rd2 23. Qe3 Qxc2 24. g3 Rhd8 25. Qxa7 e5 26. Qa8+ Kc7 27. Qa5+
b6 28. Qxe5+ R8d6 29. Qc3 Qxa2 30. Ra1 Qb2 31. Qxb2 Rxb2 32. Nc3 b5 33. Ra5 Rdd2
34. Nfd1 h5 35. Nxb2 Rxb2 36. Rxb5 Rc2 37. Ne2 c3 38. Rc5+ Kb6 39. Rxc3 Rxc3 40.
Nxc3 Kc6 41. Rh2 Kd6 42. Re2 Kc5 43. Rd2 Kc4 44. Ne2 Kb3 45. Nf4 Kc3 46. Rd8 Kc4
47. Nxh5 Kc3 48. Nf4 Kc4 49. h4 Kc3 50. h5 Kc4 51. h6 Kc5 52. h7 Kc6 53. h8=Q
Kc7 54. Rd1 1-0

[Event "AUTO-INT-676"]
[Site "http://www.queenalice.com/game.php?id=299722"]
[Date "2007.11.7"]
[Round "1"]
[White "umdoistresredondoredondo"]
[Black "Sinhuhe"]
[Result "1-0"]
[WhiteElo "1595"]
[BlackElo "1448"]

1. e4 e5 2. Bc4 c6 3. d4 b5 4. Bb3 Nf6 5. Nf3 Bb4+ 6. c3 Ba5 7. Nxe5 Nxe4 8.
Nxf7 Qf6 9. Qe2 d5 10. Nxh8 g6 11. f3 Qxh8 12. fxe4 h5 13. exd5+ Kd8 14. Bg5+
Kc7 15. Qe7+ Nd7 16. dxc6 Kxc6 17. Qe6+ Kc7 18. O-O Nc5 19. Rf7+ Nd7 20. Bf4+
Kb7 21. Bd5# 1-0

[Event "AUTO-INT-676"]
[Site "http://www.queenalice.com/game.php?id=299723"]
[Date "2007.11.7"]
[Round "1"]
[White "Sinhuhe"]
[Black "umdoistresredondoredondo"]
[Result "0-1"]
[WhiteElo "1450"]
[BlackElo "1716"]

1. d3 e5 2. Nc3 Bc5 3. Ne4 Bb6 4. e3 d5 5. Nc3 d4 6. Na4 dxe3 7. fxe3 Qh4+ 8. g3
Qxa4 9. b3 Qc6 10. Nf3 Bg4 11. Nxe5 Bxd1 12. Nxc6 Nxc6 13. Kxd1 O-O-O 14. e4 Nf6
15. Bh3+ Kb8 16. Bb2 Bd4 17. c3 Bb6 18. Kc2 h5 19. c4 Bd4 20. Rhf1 Bxb2 21. Kxb2
Rxd3 22. Rad1 Rxd1 23. Rxd1 Nxe4 24. Bg2 Nf2 25. Rf1 Nd3+ 26. Kc3 Nde5 27. Re1
f6 28. b4 a6 29. a4 Rd8 30. b5 axb5 31. axb5 Na5 32. Kb4 Nd3+ 33. Kxa5 Nxe1 34.
Bh3 Nc2 35. c5 Rd1 36. Ka4 Rh1 37. Bg2 Rxh2 38. Be4 g5 39. Kb3 Nd4+ 40. Kc4 h4
41. Kxd4 hxg3 42. c6 b6 43. Kd5 g2 44. Ke6 g1=Q 45. Kxf6 Qd4+ 46. Kf5 Rf2+ 47.
Bf3 Rxf3+ 48. Kxg5 Qf4+ 49. Kg6 Rg3+ 50. Kh5 Qg5# 0-1

[Event "AUTO-INT-676"]
[Site "http://www.queenalice.com/game.php?id=299736"]
[Date "2007.11.7"]
[Round "1"]
[White "CeaRaSC"]
[Black "Sinhuhe"]
[Result "0-1"]
[WhiteElo "1576"]
[BlackElo "1433"]

1. d4 d5 2. Nc3 e6 3. Nf3 Bd6 4. e4 dxe4 5. Nxe4 e5 6. dxe5 Bf5 7. Bd3 Bb4+ 8.
Nc3 Ne7 9. Nh4 Qd7 10. Bxf5 Qxd1+ 11. Kxd1 g6 12. Be4 O-O 13. Bh6 Rd8+ 14. Kc1
Nbc6 15. f4 Nd4 16. Rd1 Rd7 17. f5 Rad8 18. Nf3 Ne2+ 19. Nxe2 Rxd1# 0-1

[Event "AUTO-INT-676"]
[Site "http://www.queenalice.com/game.php?id=299737"]
[Date "2007.11.7"]
[Round "1"]
[White "Sinhuhe"]
[Black "CeaRaSC"]
[Result "1-0"]
[WhiteElo "1430"]
[BlackElo "1548"]

1. b3 Nc6 2. Nc3 Nf6 3. Bb2 d5 4. d4 Ne4 5. e3 f5 6. Nf3 g6 7. Ne5 Nxe5 8. dxe5
Nxc3 9. Bxc3 e6 10. Qd4 c5 11. Qa4+ Bd7 12. Bb5 Bxb5 13. Qxb5+ Qd7 14. a4 Qxb5
15. axb5 c4 16. O-O cxb3 17. cxb3 h5 18. Ra4 b6 19. f3 g5 20. Bd2 g4 21. e4 dxe4
22. fxe4 fxe4 23. Rxe4 Rd8 24. Rf2 Rd5 25. h4 Rxb5 26. Rf6 Rxb3 27. Rxe6+ Kd7
28. Rf6 Rb1+ 29. Be1 Be7 30. e6+ Kd6 31. Rff4 Rf8 32. Kf2 Rb2+ 33. Kg3 Rb3+ 34.
Kh2 Rxf4 35. Rxf4 Kxe6 36. Re4+ Kf6 37. g3 Bd6 38. Re2 a5 39. Rf2+ Ke5 40. Rd2
Bb4 41. Re2+ Kd4 42. Bf2+ Kd5 43. Kg2 Rf3 44. Bxb6 a4 45. Ra2 a3 46. Kh2 Kc4 47.
Ra1 Rf2+ 48. Bxf2 Kc3 49. Be1+ Kc4 50. Rc1+ Kb5 51. Rb1 Ka4 52. Rxb4+ Ka5 53.
Rb1+ Ka4 54. Rb4+ Ka5 55. Rf4+ Kb5 56. Bc3 a2 57. Kg2 Kb6 58. Kf2 a1=Q 59. Bxa1
Kc5 60. Rf5+ 1-0

[Event "AUTO-INT-676"]
[Site "http://www.queenalice.com/game.php?id=299746"]
[Date "2007.11.7"]
[Round "1"]
[White "Sinhuhe"]
[Black "Ednilson_Aioria"]
[Result "0-1"]
[WhiteElo "1438"]
[BlackElo "1722"]

1. d4 d5 2. Nc3 Nf6 3. Nb5 Nc6 4. b3 a6 5. Nc3 e6 6. f4 Bd6 7. Nf3 Qe7 8. Ne5
Bb4 9. f5 Bxc3+ 10. Bd2 Bxa1 11. Qxa1 exf5 12. Nxc6 bxc6 13. g3 O-O 14. Qc3 Bd7
15. Bh3 Rfe8 16. O-O Qxe2 17. Rxf5 Bxf5 18. Bxf5 Ne4 19. Bxe4 Rxe4 20. g4 Rxg4+
21. Kh1 Qg2# 0-1

[Event "AUTO-INT-676"]
[Site "http://www.queenalice.com/game.php?id=299747"]
[Date "2007.11.7"]
[Round "1"]
[White "Ednilson_Aioria"]
[Black "Sinhuhe"]
[Result "1-0"]
[WhiteElo "1735"]
[BlackElo "1448"]

1. e4 e5 2. Nf3 Nc6 3. Bc4 Nd4 4. Nxe5 d5 5. Bxd5 Nf6 6. Bxf7+ Ke7 7. b3 Nxe4 8.
d3 Qd6 9. Nc4 Qb4+ 10. Kf1 Nc3 11. Qh5 Nce2 12. Bg5+ Kd7 13. Qg4+ Kc6 14. Qe4+
Kc5 15. Qd5# 1-0

[Event "AUTO-OPEN-919"]
[Site "http://www.queenalice.com/game.php?id=312338"]
[Date "2007.11.29"]
[Round "1"]
[White "DaHunter"]
[Black "Sinhuhe"]
[Result "1-0"]
[WhiteElo "1275"]
[BlackElo "1434"]

1. d4 d6 2. e4 Nf6 3. Nc3 e5 4. dxe5 Ng4 5. Nf3 d5 6. Qxd5 Bd7 7. Bc4 Nh6 8.
Bxh6 Be6 9. Qxd8+ Kxd8 10. Bxe6 fxe6 11. Rd1+ Nd7 12. Bg5+ Kc8 13. Nb5 h6 14.
Bh4 g5 15. Bg3 g4 16. Nfd4 Nc5 17. Nc3 Kd7 18. Nb3+ Ke8 19. Nxc5 Bxc5 20. O-O
Ke7 21. Ne2 h5 22. Nf4 Rh6 23. c4 h4 24. Bxh4+ Rxh4 25. Ng6+ Kf7 26. Nxh4 Rf8
27. Rd7+ Be7 28. Rxe7+ Kxe7 29. Ng6+ Kf7 30. Nxf8 Kxf8 31. Rd1 Ke7 32. b4 c6 33.
h3 gxh3 34. gxh3 Kf7 35. Rd7+ Ke8 36. Rxb7 c5 37. b5 Kd8 38. h4 Kc8 39. Rxa7 Kb8
40. Rd7 Kc8 41. Rd6 Kc7 42. h5 1-0

[Event "AUTO-OPEN-919"]
[Site "http://www.queenalice.com/game.php?id=312339"]
[Date "2007.11.29"]
[Round "1"]
[White "Sinhuhe"]
[Black "DaHunter"]
[Result "0-1"]
[WhiteElo "1434"]
[BlackElo "1473"]

1. d3 e5 2. Nf3 Nc6 3. Nc3 d5 4. Bg5 Be7 5. Qd2 Nf6 6. d4 Ne4 7. Nxe4 dxe4 8.
O-O-O Nxd4 9. Nxe5 Bxg5 10. f4 Nb3+ 11. cxb3 Qxd2+ 12. Rxd2 Bxf4 13. Nc4 Bxd2+
14. Nxd2 e3 15. Nc4 Be6 16. Nxe3 Rd8 17. g3 O-O 18. Nc4 Bxc4 19. bxc4 Rd4 20. b3
Rfd8 21. Bg2 b6 22. Bc6 Rd2 23. e4 Rxa2 24. Bd5 Ra1+ 25. Kb2 Rxh1 26. h4 a5 27.
e5 Rxd5 28. cxd5 Kf8 29. Kc3 Rg1 30. Kc4 Rxg3 31. b4 axb4 32. Kxb4 Re3 33. Kb5
Rxe5 34. Kc6 Ke8 35. h5 Re7 36. h6 g5 37. d6 Rd7 38. dxc7 Rxc7+ 39. Kxc7 g4 40.
Kxb6 g3 41. Kc6 g2 42. Kd6 g1=Q 43. Ke5 Qg4 44. Kf6 Qd4+ 45. Kg5 Qf2 46. Kh5 Qg2
0-1

[Event "AUTO-OPEN-919"]
[Site "http://www.queenalice.com/game.php?id=312364"]
[Date "2007.11.29"]
[Round "1"]
[White "Kaka"]
[Black "Sinhuhe"]
[Result "1-0"]
[WhiteElo "1574"]
[BlackElo "1445"]

1. e4 e5 2. d4 exd4 3. Qxd4 c5 4. Qc4 b6 5. Qd5 Nc6 6. Bg5 Nge7 7. Qd6 g6 8. Nf3
h6 9. Bxe7 Bxe7 10. Qd5 Bb7 11. Bc4 Na5 12. Qxf7# 1-0

[Event "AUTO-OPEN-919"]
[Site "http://www.queenalice.com/game.php?id=312365"]
[Date "2007.11.29"]
[Round "1"]
[White "Sinhuhe"]
[Black "Kaka"]
[Result "0-1"]
[WhiteElo "1420"]
[BlackElo "1614"]

1. d3 c6 2. Nf3 d5 3. Ne5 Nh6 4. d4 Qd6 5. Bf4 Qb4+ 6. Nc3 Qxb2 7. Na4 Qb4+ 8.
c3 Qa5 9. g3 Nf5 10. Nc5 Qxc3+ 11. Bd2 Qxc5 12. dxc5 Nd4 13. e3 Ne6 14. Qc2 g6
15. O-O-O f6 16. Nf3 Nd7 17. Bb4 a5 18. Nd4 Ng5 19. h4 Ne4 20. Ba3 e5 21. Ne6
Be7 22. Nc7+ Kf7 23. Nxa8 Bxc5 24. f3 Nxg3 25. Bxc5 b5 26. Bh3 f5 27. Nb6 Re8
28. e4 dxe4 29. Rxd7+ Bxd7 30. Nxd7 exf3 31. Qb3+ Kg7 32. Rg1 Ne2+ 33. Kd2 Nxg1
0-1

[Event "AUTO-OPEN-919"]
[Site "http://www.queenalice.com/game.php?id=312380"]
[Date "2007.11.29"]
[Round "1"]
[White "QuickQuickSlow"]
[Black "Sinhuhe"]
[Result "1-0"]
[WhiteElo "2152"]
[BlackElo "1434"]

1. d4 d5 2. Nf3 g6 3. g3 Bg7 4. Bg2 Nc6 5. O-O Nf6 6. c4 dxc4 7. Bg5 Ne4 8. Be3
O-O 9. Qc2 Bf5 10. Qxc4 Na5 11. Qa4 b6 12. Nc3 h5 13. Rac1 Rc8 14. Nh4 c6 15.
Nxf5 Nc5 16. dxc5 b5 17. Qc2 gxf5 18. Qxf5 Nc4 19. Qxh5 b4 20. Ne4 Nxe3 21. Ng5
Nf5 22. Qh7# 1-0

[Event "AUTO-OPEN-919"]
[Site "http://www.queenalice.com/game.php?id=312381"]
[Date "2007.11.29"]
[Round "1"]
[White "Sinhuhe"]
[Black "QuickQuickSlow"]
[Result "0-1"]
[WhiteElo "1432"]
[BlackElo "2153"]

1. d3 d5 2. Nf3 Nf6 3. g3 g6 4. b3 Bg7 5. Ne5 Nfd7 6. Nxf7 Kxf7 7. Nc3 Bxc3+ 8.
Bd2 Bg7 9. c4 d4 10. e3 c5 11. Qf3+ Nf6 12. exd4 Qxd4 13. Rc1 Nc6 14. Be3 Qe5
15. Bg2 Nd4 16. Qd1 Rd8 17. f4 Qxe3+ 18. Kf1 Bg4 19. Qe1 Be2+ 20. Qxe2 Qxe2+ 21.
Kg1 Qe3+ 22. Kf1 Qxc1+ 23. Kf2 Ng4# 0-1

[Event "Challenge"]
[Site "http://www.queenalice.com/game.php?id=320700"]
[Date "2007.12.15"]
[Round "-"]
[White "robertolanger"]
[Black "Sinhuhe"]
[Result "0-1"]
[WhiteElo "1340"]
[BlackElo "1412"]

1. g3 d6 2. Bg2 Nc6 3. e4 b6 4. d3 d5 5. e5 Nxe5 6. Bf4 Ng4 7. h3 N4f6 8. d4 Bb7
9. Nc3 Qd7 10. Qe2 O-O-O 11. Nb5 Ba6 12. Nxc7 Bxe2 13. Nxe2 Nh5 14. Na6 Ngf6 15.
O-O-O e6 16. Nc3 Qb7 17. Bc7 Qxa6 18. Bxd8 Kxd8 19. g4 Nf4 20. Bf3 Bb4 21. Nb1
Ne4 22. Bxe4 Ne2# 0-1

[Event "Challenge"]
[Site "http://www.queenalice.com/game.php?id=326381"]
[Date "2007.12.27"]
[Round "-"]
[White "charlao"]
[Black "Sinhuhe"]
[Result "1-0"]
[WhiteElo "1656"]
[BlackElo "1451"]

1. e4 e5 2. d4 Bd6 3. dxe5 Bxe5 4. Nf3 Nc6 5. Nxe5 Nxe5 6. Nc3 Nf6 7. Bd3 O-O 8.
O-O c5 9. Bg5 c4 10. Be2 h6 11. Bxf6 Qxf6 12. Nd5 Qg5 13. f4 Qh4 14. fxe5 Qxe4
15. Ne7+ Kh8 16. Nxc8 Raxc8 17. Qxd7 Qxc2 18. Bg4 Qxb2 19. Qd5 Rcd8 20. Qxc4 1-0